01459nam a2200409 i 450000100060000000300080000600500170001400600190003100700150005000800410006503500230010603500240012903500250015303500210017804000310019905000200023008000080025008200120025811000190027024500380028926400490032730000390037633600310041533700330044633800430047949000360052258801250055859001640068365000130084765000130086065000140087365500270088779700190091483000370093385600620097099900170103252427FlNmELB20241216232407.0m o d | cr cnu||||||||140901s2014 ag o 000 0 spa d a(MiAaPQ)EBC3219614 a(Au-PeEL)EBL3219614 a(CaPaEBR)ebr10853814 a(OCoLC)992114436 aFINmELBbspaerdacFINmELB 4aQC23bD413 2014 a5310 a5302232 aEl Cid Editor.10aDensidad /ceditor El Cid Editor. 1aCórdoba :bEl Cid Editor / apuntes,c2014. a1 recurso en línea (8 páginas) atextobtxt2rdacontent/spa acomputadorabc2rdamedia/spa arecurso en líneabcr2rdacarrier/spa1 aPrácticas de Física General aDescripción basada en recurso en línea; Título de la página del título en PDF (e-libro, visto August 1, 2014). aRecurso electrónico. Santa Fe, Arg.: e-libro, 2015. Disponible vía World Wide Web. El acceso puede estar limitado para las bibliotecas afiliadas a e-libro. 0aPhysics. 0aDensity. 4aFísica. 4aLibros electrónicos.2 ae-libro, Corp. 0aPrácticas de Física General.40uhttps://elibro.net/ereader/politecnicointernacional/30560 c52427d52427